| 000 | 00507cam a2200193ua 4500 | ||
|---|---|---|---|
| 020 | _c7.50 | ||
| 041 |
_ahin _h |
||
| 082 |
_a891.54 _bMAL/BU |
||
| 100 | _aMalaya, K C . | ||
| 245 |
_aBuniyadi shikshalay sangadhan thadha vibinn vishayom ka shikshan / _cK C Malaya. _hTextual Documents |
||
| 250 |
_a1 / _b. |
||
| 260 |
_aDelhi : _bRajkamal Prakashan , _c1959. |
||
| 300 | _a473 ; . | ||
| 365 | _a7.50 | ||
| 504 | _a | ||
| 700 | 1 | _aVidyavadi, Malaiya . | |
| 942 | _cBK | ||
| 999 |
_c12149 _d12149 |
||